000 00937 a2200217 4500
005 20260325164633.0
008 260325b |||||||| |||| 00| 0 eng d
020 _a9789383233007 (hbk)
037 _cTB
040 _aCRL
_cCRL
041 _2hin
_ahin
084 _aO152,2N35:g Q3
_qCRL
100 _aरस्तोगी, गिरीश
_9864261
245 _aनाट्यचिंतन और रंगदर्शन:
_bअन्त्रसंबद्ध
260 _aनयी दिल्ली, भारत:
_bकिताबघर प्रकाशन,
_c2013.
300 _a272पृ.
650 _aहिन्दी नाटक
650 _aहिन्दी साहित्य
942 _cTB
_2CC
_hO152,2N35:g Q3
999 _c1467619
_d1467619